Understanding and managing public organizations (Record no. 401878)

000 -LEADER
fixed length control field 00483cam a22001577a 4500
008 - FIXED-LENGTH DATA ELEMENTS--GENERAL INFORMATION
fixed length control field 180718b2003 xxu||||| |||| 00| 0 eng d
020 ## - INTERNATIONAL STANDARD BOOK NUMBER
International Standard Book Number 0787965618
082 ## - DEWEY DECIMAL CLASSIFICATION NUMBER
Classification number B3 R134 2003
100 ## - MAIN ENTRY--PERSONAL NAME
Personal name Rainey, Hal G.
245 ## - TITLE STATEMENT
Title Understanding and managing public organizations
Statement of responsibility, etc. by Hal G. Rainey
250 ## - EDITION STATEMENT
Edition statement 3rd ed.
260 ## - PUBLICATION, DISTRIBUTION, ETC.
Place of publication, distribution, etc. San Francisco
Name of publisher, distributor, etc. Jossey-Bass
Date of publication, distribution, etc. 2003
300 ## - PHYSICAL DESCRIPTION
Extent 484p.
440 ## - SERIES STATEMENT/ADDED ENTRY--TITLE
Title The Jossey Bass nonprofit and public management series
650 ## - SUBJECT ADDED ENTRY--TOPICAL TERM
Topical term or geographic name entry element Public administration.
Holdings
Withdrawn status Lost status Damaged status Not for loan Permanent Location Current Location Date acquired Full call number Barcode Date last seen Price effective from Koha item type
        Indian Institute of Public Administration Indian Institute of Public Administration 2003-10-17 B3 R134 2003 78902 2018-07-21 2018-07-21 Book

Powered by Koha